Last of Us episodes by description - Statistics

General Stats
  • This quiz has been taken 2 times
  • The average score is 4 of 9
Answer Stats
Hint Answer % Correct
Austin burns to the ground When Your'e Lost in the Darkness
100%
Ellie is in the mall Left Behind
50%
Gay Romance Long, Long Time
50%
Joel kills the fireflies Look for the Light
50%
They get stuck in Missouri Please Hold to My Hand
50%
Christian Cannibals When We Are in Need
50%
Henry shoots Sam and himself Endure and Survive
0%
Tess explodes Infected
0%
Joel and Ellie travel through the Rockies Kin
0%
No matching quizzes found
Score Distribution
Percent of People with Each Score
Percentile by Number Answered
Your Score History
You have not taken this quiz